[Event "4NCL Online Division 5"]
[Site "online"]
[Date "2020.05.19"]
[Round "7.204"]
[White "Whitton, Nicholas"]
[Black "Sheehy, Lewis"]
[Result "1-0"]
[WhiteElo "1032"]
[BlackElo "992"]
[PlyCount "79"]
[EventDate "2020.05.19"]
[WhiteTeam "Grangemouth Giants"]
[BlackTeam "Manchester Juniors C"]

1. e4 e5 2. Nf3 Nc6 3. Bc4 Nf6 4. Ng5 d5 5. exd5 Nxd5 6. O-O Qxg5 7. g3 Nf6 8.
Nc3 Bh3 9. Re1 Bg4 10. Ne2 Bc5 11. d4 Nxd4 12. Bxg5 Nxe2+ 13. Bxe2 Bxe2 14.
Qxe2 O-O-O 15. Bxf6 gxf6 16. Qg4+ Kb8 17. Qf5 Rd6 18. c3 Rd2 19. Rf1 Rhd8 20.
Qxf6 a6 21. Rab1 e4 22. Qf5 b6 23. Qxe4 h5 24. b4 Bd6 25. Qh4 Be5 26. Qxh5 Bxc3
27. Qxf7 Rxa2 28. Rbc1 Ra3 29. Qc4 Be5 30. Kg2 Rd4 31. Qg8+ Kb7 32. Rc2 Rd7 33.
Qe6 Rd8 34. Qxe5 Rc8 35. Rfc1 a5 36. b5 Rd3 37. Rxc7+ Rxc7 38. Rxc7+ Kb8 39.
Rd7+ Ka8 40. Qe8# 1-0

[Event "4NCL Online Division 5"]
[Site "online"]
[Date "2020.05.19"]
[Round "7.211"]
[White "Siddle, Michael"]
[Black "Brett, Alex I"]
[Result "0-1"]
[WhiteElo "1562"]
[BlackElo "1480"]
[PlyCount "76"]
[EventDate "2020.05.19"]
[WhiteTeam "Bishop Knights"]
[BlackTeam "Wimbledon 3"]

1. c4 e5 2. g3 Nc6 3. Bg2 d6 4. Nc3 Nge7 5. e3 Be6 6. b3 d5 7. cxd5 Nxd5 8. Bb2
Bb4 9. Nge2 Qd7 10. O-O Rd8 11. d4 exd4 12. Nxd4 Nxc3 13. Qc2 Nxd4 14. exd4 Nd5
15. a3 Ba5 16. b4 Bb6 17. Rfe1 O-O 18. Re5 c6 19. Rh5 Nf6 20. Rh4 Bd5 21. Bh3
Qe7 22. Bf5 g6 23. Bd3 Rfe8 24. Kf1 Qd6 25. Bc3 Re7 26. Bd2 Rde8 27. Bf4 Qe6
28. Be5 Bc7 29. f4 Ng4 30. Qd2 Nxe5 31. dxe5 Bc4 32. Kg2 Bxd3 33. Qxd3 Rd7 34.
Qe2 Red8 35. Qf3 Rd2+ 36. Kg1 Bb6+ 37. Kf1 Rf2+ 38. Ke1 Rxf3 0-1

[Event "4NCL Online Division 5"]
[Site "online"]
[Date "2020.05.19"]
[Round "7.212"]
[White "Kucukyildiz, Alp Tugrul"]
[Black "Sides, David"]
[Result "1-0"]
[WhiteElo "1397"]
[BlackElo "1547"]
[PlyCount "85"]
[EventDate "2020.05.19"]
[WhiteTeam "Wimbledon 3"]
[BlackTeam "Bishop Knights"]

1. e4 e5 2. Nf3 Nc6 3. Bb5 a6 4. Ba4 b5 5. Bb3 Bc5 6. O-O d6 7. d3 h6 8. h3
Nge7 9. Be3 Ba7 10. Bxa7 Rxa7 11. Nc3 O-O 12. Nd5 Na5 13. c3 Ng6 14. d4 Nc6 15.
dxe5 Ncxe5 16. Nxe5 Nxe5 17. f4 Ng6 18. Qd4 Ra8 19. Rf3 c5 20. Qf2 Bb7 21. c4
Bc8 22. a4 b4 23. a5 Re8 24. Re3 Nf8 25. Nb6 Rb8 26. Rd1 Nd7 27. Nxd7 Bxd7 28.
Rxd6 Re6 29. Rd1 Qxa5 30. Rxd7 Qa1+ 31. Re1 Qa5 32. Rd5 Rc8 33. f5 Rec6 34. e5
Qc7 35. e6 fxe6 36. fxe6 Rd8 37. Rxd8+ Qxd8 38. Qf7+ Kh7 39. Bc2+ Kh8 40. Qd7
Rd6 41. Qxd8+ Rxd8 42. e7 Re8 43. Bg6 1-0

[Event "4NCL Online Division 5"]
[Site "online"]
[Date "2020.05.19"]
[Round "7.213"]
[White "Clynes, Chris"]
[Black "Selim, Omar"]
[Result "1/2-1/2"]
[WhiteElo "1435"]
[BlackElo "1262"]
[PlyCount "64"]
[EventDate "2020.05.19"]
[WhiteTeam "Bishop Knights"]
[BlackTeam "Wimbledon 3"]

1. d4 d5 2. Nf3 Bf5 3. e3 e6 4. Bd3 Bxd3 5. Qxd3 Nf6 6. Nbd2 Be7 7. Ne5 Nbd7 8.
f4 Nxe5 9. fxe5 Nd7 10. O-O O-O 11. c4 c6 12. c5 f6 13. exf6 Bxf6 14. e4 Bg5
15. e5 Bxd2 16. Bxd2 Rf7 17. Rf3 Rxf3 18. Qxf3 Qh4 19. Qf4 Qxf4 20. Bxf4 h6 21.
h4 Nf8 22. h5 Nh7 23. Kf2 Rf8 24. Ke3 Ng5 25. Bxg5 hxg5 26. g4 Rf4 27. Rg1 Kh7
28. Rg2 g6 29. hxg6+ Kxg6 30. Rg1 Kg7 31. Rg2 Kg6 32. Rg1 Kg7 1/2-1/2

[Event "4NCL Online Division 5"]
[Site "online"]
[Date "2020.05.19"]
[Round "7.214"]
[White "Sood, Kamaljit"]
[Black "Burnett, John"]
[Result "1-0"]
[WhiteElo "1090"]
[BlackElo "1247"]
[PlyCount "109"]
[EventDate "2020.05.19"]
[WhiteTeam "Wimbledon 3"]
[BlackTeam "Bishop Knights"]

1. e4 e6 2. d4 Nf6 3. Bg5 Be7 4. Nc3 h6 5. Bh4 d5 6. Nf3 dxe4 7. Ne5 g5 8. Bg3
Bb4 9. Bc4 Bxc3+ 10. bxc3 Nbd7 11. O-O Nb6 12. Bb3 Nbd5 13. c4 Nf4 14. c3 N6h5
15. Bxf4 Nxf4 16. Re1 Qf6 17. Rxe4 Qf5 18. Qf3 h5 19. g3 Nh3+ 20. Kg2 g4 21.
Qxf5 exf5 22. Re3 Be6 23. d5 f4 24. gxf4 Nxf4+ 25. Kg3 Nh3 26. dxe6 fxe6 27. c5
O-O-O 28. Bxe6+ Kb8 29. f3 Ng5 30. Bf5 gxf3 31. Rf1 Rhg8 32. Kh4 a6 33. Kxh5
Rd2 34. a3 Rxh2+ 35. Kg4 Ne6+ 36. Kxf3 Ng5+ 37. Kg3 Rhh8 38. Kf4 Rh4+ 39. Ng4
Nh3+ 40. Kg3 Rh5 41. Re5 Ng5 42. Bd7 Rh3+ 43. Kf4 Nf7 44. Re8+ Rxe8 45. Bxe8
Rh7 46. Rd1 Nh6 47. Rh1 Rh8 48. Nf6 Nf7 49. Rxh8 Nxh8 50. Ke5 Kc8 51. Ke6 Kd8
52. Bh5 a5 53. Ne4 b6 54. c6 b5 55. Nc5 1-0

[Event "4NCL Online Division 5"]
[Site "online"]
[Date "2020.05.19"]
[Round "7.221"]
[White "Hilditch-Love, Daniel"]
[Black "Dhemrait, Surjit S"]
[Result "1-0"]
[WhiteElo "1585"]
[BlackElo "1518"]
[PlyCount "47"]
[EventDate "2020.05.19"]
[WhiteTeam "Shropshire 4"]
[BlackTeam "Harrow 4"]

1. Nf3 d5 2. c4 dxc4 3. e3 Nf6 4. Bxc4 Bg4 5. Bxf7+ Kxf7 6. Ne5+ Kg8 7. Nxg4
Qd5 8. Nc3 Qe6 9. Nxf6+ exf6 10. d4 Bb4 11. Bd2 Bxc3 12. Bxc3 Nd7 13. O-O h6
14. d5 Qf5 15. Qd4 Nb6 16. e4 Qd7 17. Rad1 Re8 18. f4 Kh7 19. e5 fxe5 20. fxe5
Rhg8 21. e6 Qe7 22. Qe4+ Kh8 23. Qg6 Ref8 24. Qxh6# 1-0

[Event "4NCL Online Division 5"]
[Site "online"]
[Date "2020.05.19"]
[Round "7.222"]
[White "Nettleton, Robin"]
[Black "Bonner, Dennis M"]
[Result "0-1"]
[WhiteElo "1487"]
[BlackElo "1540"]
[PlyCount "52"]
[EventDate "2020.05.19"]
[WhiteTeam "Harrow 4"]
[BlackTeam "Shropshire 4"]

1. d4 Nf6 2. Bf4 g6 3. e3 Bg7 4. c3 d6 5. Nf3 b6 6. Bd3 Bb7 7. Nbd2 O-O 8. Qc2
Nbd7 9. h4 c5 10. O-O-O cxd4 11. exd4 Rc8 12. Rdg1 Nd5 13. Bg3 Nb4 14. Qb1 Nd5
15. h5 Qc7 16. hxg6 fxg6 17. Bxg6 hxg6 18. Qxg6 N7f6 19. Rh8+ Kxh8 20. Ng5 Nxc3
21. Ne6 Nxa2+ 22. Kd1 Qc1+ 23. Ke2 Ba6+ 24. Ke3 Nd5+ 25. Ke4 Qc2+ 26. Kxd5 Qxg6
0-1

[Event "4NCL Online Division 5"]
[Site "online"]
[Date "2020.05.19"]
[Round "7.223"]
[White "Holyhead, James"]
[Black "Dilukshan, Manoharan"]
[Result "1-0"]
[WhiteElo "1330"]
[BlackElo "1480"]
[PlyCount "103"]
[EventDate "2020.05.19"]
[WhiteTeam "Shropshire 4"]
[BlackTeam "Harrow 4"]

1. d4 Nf6 2. Bg5 g6 3. Bxf6 exf6 4. e4 Bg7 5. c3 O-O 6. Nf3 Re8 7. Be2 Rxe4 8.
Nbd2 Re8 9. O-O d6 10. Re1 Bg4 11. Qb3 Qc8 12. Bc4 Be6 13. Bxe6 Rxe6 14. Rxe6
fxe6 15. Re1 Kf7 16. Rxe6 Qxe6 17. Qxb7 Bh6 18. Nf1 Nd7 19. Qxa8 Qxa2 20. Qb7
Qa5 21. b4 Qb6 22. Qd5+ Ke7 23. Ne3 Bxe3 24. fxe3 Kf8 25. h4 Nb8 26. Qe6 d5 27.
Qxd5 Qc6 28. Qd8+ Qe8 29. Qxf6+ Kg8 30. Qe5 Qxe5 31. Nxe5 Kf8 32. Kf2 Ke7 33.
g4 Kd6 34. h5 gxh5 35. gxh5 Kd5 36. c4+ Ke6 37. b5 Kf5 38. h6 Kg5 39. e4 Kxh6
40. Ng4+ Kg6 41. e5 Kf7 42. d5 Nd7 43. e6+ Ke7 44. exd7 Kxd7 45. c5 Kc8 46. Ke3
Kb7 47. Ke4 a5 48. bxa6+ Kxa6 49. d6 cxd6 50. cxd6 h5 51. d7 hxg4 52. d8=Q 1-0

[Event "4NCL Online Division 5"]
[Site "online"]
[Date "2020.05.19"]
[Round "7.224"]
[White "Walker, David J R"]
[Black "Hollands, Sam"]
[Result "0-1"]
[WhiteElo "1285"]
[BlackElo "1180"]
[PlyCount "176"]
[EventDate "2020.05.19"]
[WhiteTeam "Harrow 4"]
[BlackTeam "Shropshire 4"]

1. d4 Nf6 2. c4 e6 3. Nc3 Bb4 4. Bd2 O-O 5. e4 b6 6. Nf3 Bxc3 7. Bxc3 Nxe4 8.
Qc2 Bb7 9. Bd3 d5 10. O-O f5 11. Rfe1 Rf6 12. Ne5 Rh6 13. Bd2 Nxd2 14. Qxd2 Qh4
15. h3 Nc6 16. Nf3 Qf6 17. Qe3 Re8 18. cxd5 Nb4 19. Ng5 Nxd3 20. Re2 Bxd5 21.
f4 Be4 22. Rd1 Nb4 23. Nxe4 fxe4 24. Qxe4 Nxa2 25. d5 c5 26. d6 Rd8 27. d7 b5
28. Qb7 Qxf4 29. Qc8 Qf8 30. Qc7 Nb4 31. Rf1 Rf6 32. Ref2 Rxf2 33. Rxf2 Qe7 34.
Rd2 Na6 35. Qc8 Nb8 36. Qc7 Nxd7 37. Qxa7 Qf7 38. Rf2 Qg6 39. Qa6 Nf8 40. Qxb5
Rd1+ 41. Kh2 Qb1 42. Qxc5 Rh1+ 43. Kg3 Qg6+ 44. Kh4 Qe4+ 45. Kg3 Qg6+ 46. Kh4
Qh6+ 47. Kg3 g6 48. Qe5 Rd1 49. Rf3 Rd5 50. Qf6 Rg5+ 51. Kf2 Rf5 52. Rxf5 exf5
53. Qd8 Qf4+ 54. Kg1 Qc1+ 55. Kh2 Qxb2 56. Qd5+ Kg7 57. Qf3 Qe5+ 58. Kg1 f4 59.
Qb7+ Kg8 60. Qb3+ Kh8 61. Qf7 Qg7 62. Qxf4 Kg8 63. Qc4+ Qf7 64. Qxf7+ Kxf7 65.
g4 Ne6 66. h4 h5 67. g5 Ng7 68. Kg2 Nf5 69. Kh3 Ke6 70. Kg2 Nxh4+ 71. Kg3 Nf5+
72. Kf4 Kd5 73. Kf3 Nd4+ 74. Kf4 Ne6+ 75. Kg3 Nxg5 76. Kh4 Ne6 77. Kg3 g5 78.
Kh3 Nf4+ 79. Kg3 Ke4 80. Kf2 h4 81. Kg1 g4 82. Kh2 g3+ 83. Kg1 h3 84. Kh1 Kf3
85. Kg1 Ne2+ 86. Kh1 g2+ 87. Kh2 g1=Q+ 88. Kxh3 Qg3# 0-1

[Event "4NCL Online Division 5"]
[Site "online"]
[Date "2020.05.19"]
[Round "7.231"]
[White "Demyan, Olesya"]
[Black "Chung, Michael"]
[Result "0-1"]
[WhiteElo "1150"]
[BlackElo "1615"]
[PlyCount "72"]
[EventDate "2020.05.19"]
[WhiteTeam "Watford Juniors C"]
[BlackTeam "Streatham C"]

1. e4 e5 2. Nf3 Nc6 3. Nc3 Bc5 4. Bd3 d6 5. a3 Nf6 6. b4 Bb6 7. Bb2 Bg4 8. a4
a6 9. a5 Ba7 10. h3 Bxf3 11. Qxf3 Nxb4 12. Qg3 Nxd3+ 13. cxd3 O-O 14. Rf1 Nh5
15. Qf3 Nf4 16. g4 Qh4 17. Nd5 Nxd5 18. exd5 Bd4 19. Bxd4 exd4 20. Rc1 Qe7+ 21.
Kd1 Rfe8 22. Kc2 Qd7 23. Rb1 Qa4+ 24. Rb3 Qxa5 25. Rfb1 b5 26. Qf4 c6 27. dxc6
Re5 28. Qxd4 Rc5+ 29. Rc3 Qb6 30. Qxd6 Rxc3+ 31. Kxc3 Rc8 32. Kb4 Rxc6 33. Qd7
Qc5+ 34. Kb3 Qc2+ 35. Ka3 Qa4+ 36. Kb2 Rc2# 0-1

[Event "4NCL Online Division 5"]
[Site "online"]
[Date "2020.05.19"]
[Round "7.232"]
[White "Isaacs, Ruairi"]
[Black "Khandelwal, Akshaj"]
[Result "1-0"]
[WhiteElo "1360"]
[BlackElo "1150"]
[PlyCount "123"]
[EventDate "2020.05.19"]
[WhiteTeam "Streatham C"]
[BlackTeam "Watford Juniors C"]

1. e4 c6 2. d4 d5 3. exd5 cxd5 4. c3 Nf6 5. Bd3 Bg4 6. Nf3 e6 7. h3 Bh5 8. g4
Bg6 9. Bxg6 fxg6 10. Qe2 Qb6 11. Na3 Bd6 12. Qb5+ Qxb5 13. Nxb5 Ne4 14. Nd2 Bf4
15. Nxe4 Bxc1 16. Nc7+ Kd7 17. Nxa8 dxe4 18. Rxc1 Nc6 19. O-O Rxa8 20. Rfe1 Kd6
21. Rxe4 Rc8 22. Rce1 Re8 23. d5 Nd8 24. dxe6 Rxe6 25. Rd1+ Ke7 26. Rxe6+ Nxe6
27. Re1 Kf6 28. Kg2 Nf4+ 29. Kg3 Nd3 30. Re2 Nc1 31. Rc2 Nd3 32. f4 Ne1 33. Re2
Nd3 34. Kf3 Nc1 35. Rc2 Nd3 36. Ke3 Ne1 37. Re2 Ng2+ 38. Rxg2 g5 39. f5 g6 40.
Rd2 gxf5 41. gxf5 Kxf5 42. Rd7 h5 43. Rxb7 g4 44. hxg4+ hxg4 45. Rxa7 Kg5 46.
Rg7+ Kh4 47. Rxg4+ Kxg4 48. a4 Kf5 49. a5 Ke6 50. a6 Kd7 51. a7 Kc7 52. a8=Q
Kb6 53. b4 Kc7 54. b5 Kb6 55. c4 Kc5 56. Qc6+ Kb4 57. b6 Ka5 58. b7 Kb4 59.
b8=Q+ Kc3 60. Qa6 Kc2 61. Qa2+ Kc3 62. Qbb3# 1-0

[Event "4NCL Online Division 5"]
[Site "online"]
[Date "2020.05.19"]
[Round "7.233"]
[White "Keerthi Kumar, Advait"]
[Black "Yordanov, Denislav"]
[Result "1-0"]
[WhiteElo "1075"]
[BlackElo "1412"]
[PlyCount "111"]
[EventDate "2020.05.19"]
[WhiteTeam "Watford Juniors C"]
[BlackTeam "Streatham C"]

1. e4 e5 2. Nf3 Nc6 3. Be2 Nf6 4. Nc3 Bc5 5. O-O d6 6. d3 Be6 7. Bg5 h6 8. Bh4
O-O 9. a3 Re8 10. b4 Bb6 11. Rb1 a6 12. Qd2 d5 13. exd5 g5 14. Bxg5 hxg5 15.
Qxg5+ Kf8 16. dxc6 bxc6 17. Nxe5 Nd5 18. Qxd8 Raxd8 19. Nxc6 Nxc3 20. Nxd8 Nxb1
21. Nxe6+ Rxe6 22. Rxb1 Rxe2 23. Rc1 Rxf2 24. Kh1 Be3 25. Re1 c6 26. g3 Bb6 27.
Rc1 f6 28. c4 Bd4 29. Re1 Kf7 30. Re4 Bb2 31. a4 Rd2 32. Re3 Bc1 33. Rf3 Bb2
34. c5 Ba3 35. b5 axb5 36. axb5 cxb5 37. d4 Rxd4 38. Rxa3 Rc4 39. Kg2 Rxc5 40.
Kf3 Ke6 41. Ke4 Re5+ 42. Kd4 Kf5 43. h4 Kg6 44. g4 Kh6 45. g5+ Kg6 46. Ra6 Kg7
47. gxf6+ Kf7 48. Kxe5 b4 49. Rb6 b3 50. Rxb3 Kf8 51. Ke6 Kg8 52. f7+ Kf8 53.
Rb8+ Kg7 54. f8=Q+ Kg6 55. Qf6+ Kh7 56. Rh8# 1-0

[Event "4NCL Online Division 5"]
[Site "online"]
[Date "2020.05.19"]
[Round "7.241"]
[White "Nasibova, Margarita"]
[Black "Gardner, Phillip K"]
[Result "0-1"]
[WhiteElo "1360"]
[BlackElo "1846"]
[PlyCount "54"]
[EventDate "2020.05.19"]
[WhiteTeam "Warwickshire Bears D"]
[BlackTeam "Sheffield Deaf"]

1. c4 c5 2. Nc3 g6 3. g3 Bg7 4. Bg2 Nc6 5. e4 d6 6. Nge2 e5 7. O-O Nge7 8. d3
O-O 9. h3 f5 10. f4 exf4 11. Bxf4 Ne5 12. Nd5 Rb8 13. Bg5 N5c6 14. g4 fxg4 15.
Rxf8+ Qxf8 16. hxg4 Bxg4 17. Bf4 Nxd5 18. cxd5 Nd4 19. Bf1 Bxe2 20. Bxe2 Qxf4
21. Qe1 Qe3+ 22. Kg2 Nxe2 23. Rd1 Rf8 24. Rd2 Qf3+ 25. Kh2 Be5+ 26. Qg3 Qxg3+
27. Kh1 Rf1# 0-1

[Event "4NCL Online Division 5"]
[Site "online"]
[Date "2020.05.19"]
[Round "7.242"]
[White "Freund, Michael P"]
[Black "Amir, Zain"]
[Result "1-0"]
[WhiteElo "1770"]
[BlackElo "1390"]
[PlyCount "129"]
[EventDate "2020.05.19"]
[WhiteTeam "Sheffield Deaf"]
[BlackTeam "Warwickshire Bears D"]

1. d4 d5 2. Bf4 Nc6 3. c3 Bf5 4. e3 Nf6 5. Bd3 Bg6 6. Qc2 e6 7. Nd2 Bd6 8. Bg3
a6 9. Ngf3 Qe7 10. e4 dxe4 11. Nxe4 Nxe4 12. Bxe4 e5 13. Bxg6 hxg6 14. O-O-O
O-O-O 15. Rhe1 Qf8 16. dxe5 Bc5 17. Rxd8+ Qxd8 18. Qd2 Qxd2+ 19. Nxd2 Re8 20.
Nf3 Nd8 21. Nd4 Ne6 22. Nxe6 fxe6 23. f4 Rf8 24. Re2 Bb6 25. Bf2 Rxf4 26. Bxb6
cxb6 27. Kd2 Rh4 28. g3 Rh8 29. Kd3 Rd8+ 30. Ke4 Rf8 31. b4 Kc7 32. a4 Kc6 33.
Rd2 Kc7 34. h4 Rf1 35. Rd6 Rc1 36. Rxe6 Rxc3 37. Rxg6 Rc4+ 38. Kf5 Rxb4 39.
Rxg7+ Kc6 40. Rg4 Rb3 41. e6 Rf3+ 42. Ke5 Re3+ 43. Kf6 Rf3+ 44. Rf4 Rxg3 45. e7
Re3 46. Kf7 Kd7 47. Rd4+ Kc6 48. e8=Q+ Rxe8 49. Kxe8 Kc5 50. Rg4 b5 51. axb5
axb5 52. h5 b4 53. h6 b3 54. h7 b2 55. Rg1 Kc4 56. h8=Q Kb3 57. Rb1 Kc4 58.
Qxb2 Kd5 59. Qxb7+ Kd4 60. Rb5 Kc4 61. Qa6 Kd4 62. Qa4+ Kc3 63. Rb3+ Kc2 64.
Qa2+ Kc1 65. Rb1# 1-0

[Event "4NCL Online Division 5"]
[Site "online"]
[Date "2020.05.19"]
[Round "7.243"]
[White "Johal, Amrissa Kaur"]
[Black "Gibson, Stephen"]
[Result "1-0"]
[WhiteElo "1382"]
[BlackElo "1510"]
[PlyCount "89"]
[EventDate "2020.05.19"]
[WhiteTeam "Warwickshire Bears D"]
[BlackTeam "Sheffield Deaf"]

1. d4 b5 2. e4 a6 3. c4 e6 4. cxb5 Bb7 5. Nc3 Bb4 6. Bd3 f5 7. Qe2 Nf6 8. f3
fxe4 9. fxe4 O-O 10. Bd2 Bxc3 11. Bxc3 Nxe4 12. Bxe4 Qh4+ 13. Kd2 Qxe4 14. Nf3
Qxe2+ 15. Kxe2 axb5 16. Rhf1 Nc6 17. g3 b4 18. Bd2 Ba6+ 19. Ke3 Bxf1 20. Rxf1
Rxa2 21. Rb1 Rfa8 22. Ne5 Nxe5 23. dxe5 Ra1 24. Rxa1 Rxa1 25. Bxb4 Rb1 26. Bc3
Rh1 27. h4 Rf1 28. Ba5 c6 29. g4 Kf7 30. Kd4 Rf2 31. Kc5 Rxb2 32. Kd6 Rd2+ 33.
Bxd2 Ke8 34. h5 Kd8 35. g5 g6 36. hxg6 hxg6 37. Ba5+ Kc8 38. Ke7 c5 39. Kf7 c4
40. Kxg6 d5 41. Kf7 d4 42. g6 c3 43. g7 c2 44. g8=Q+ Kb7 45. Bd2 1-0

[Event "4NCL Online Division 5"]
[Site "online"]
[Date "2020.05.19"]
[Round "7.244"]
[White "Litherland, Reuben"]
[Black "Chen, Olivia"]
[Result "0-1"]
[WhiteElo "1375"]
[BlackElo "1307"]
[PlyCount "96"]
[EventDate "2020.05.19"]
[WhiteTeam "Sheffield Deaf"]
[BlackTeam "Warwickshire Bears D"]

1. c4 e6 2. d4 d5 3. e3 Nf6 4. Nc3 c5 5. Nf3 Nc6 6. Bd3 Bd6 7. O-O Bd7 8. b3
O-O 9. Na4 cxd4 10. cxd5 exd5 11. Nxd4 Nxd4 12. exd4 Re8 13. Re1 Rc8 14. Bg5 b5
15. Rxe8+ Qxe8 16. Bxf6 gxf6 17. Nb2 Ba3 18. Rb1 Rc7 19. Qh5 Bxb2 20. Qxh7+ Kf8
21. Qh6+ Ke7 22. Re1+ Kd8 23. Rxe8+ Bxe8 24. g3 Bxd4 25. Qf4 Be5 26. Qf5 d4 27.
Qf3 Rc1+ 28. Bf1 Bc6 29. Qg4 d3 30. Qg8+ Be8 31. Kg2 d2 32. Bxb5 d1=Q 33. Qxe8+
Kc7 34. Qxf7+ Kb6 35. Bf1 Qxf1+ 36. Kf3 Rc3+ 37. Ke4 Qe2+ 38. Kf5 Qf3+ 39. Kg6
Qg4+ 40. Kh6 Bf4+ 41. Kh7 Rc7 42. Qxc7+ Bxc7 43. h4 Kc6 44. Kh6 Kd7 45. h5 Ke7
46. f3 Qxg3 47. Kh7 Kf7 48. h6 Qg8# 0-1

[Event "4NCL Online Division 5"]
[Site "online"]
[Date "2020.05.19"]
[Round "7.251"]
[White "Liu, Jason"]
[Black "George, Seb"]
[Result "1-0"]
[WhiteElo "1000"]
[BlackElo "1187"]
[PlyCount "35"]
[EventDate "2020.05.19"]
[WhiteTeam "BBC Penguins"]
[BlackTeam "Watford Juniors B"]

1. e4 e5 2. Nf3 Nf6 3. Nxe5 d6 4. Nf3 Nxe4 5. Be2 Nc6 6. O-O d5 7. d4 Bd6 8.
Re1 O-O 9. c4 dxc4 10. Bxc4 Nf6 11. Bg5 h6 12. Bh4 g5 13. Bg3 Re8 14. Rxe8+
Nxe8 15. Nc3 Na5 16. Bd3 f5 17. Be5 Bxe5 18. Nxe5 1-0

[Event "4NCL Online Division 5"]
[Site "online"]
[Date "2020.05.19"]
[Round "7.252"]
[White "Holland, Nicolas"]
[Black "Liu, Benjamin"]
[Result "0-1"]
[WhiteElo "1225"]
[BlackElo "700"]
[PlyCount "104"]
[EventDate "2020.05.19"]
[WhiteTeam "Watford Juniors B"]
[BlackTeam "BBC Penguins"]

1. e4 c6 2. Nf3 d5 3. Nc3 dxe4 4. Nxe4 Bf5 5. Bd3 Bxe4 6. Bxe4 Nd7 7. d3 e6 8.
Bf4 f5 9. Bg5 Be7 10. Bxe7 Nxe7 11. O-O fxe4 12. dxe4 O-O 13. Re1 Ng6 14. h3
Nde5 15. Nxe5 Nxe5 16. Qxd8 Raxd8 17. Rad1 Nc4 18. c3 Nxb2 19. Rxd8 Rxd8 20.
Rb1 Rd2 21. e5 b5 22. a3 Nc4 23. Re1 Nxa3 24. Ra1 Nc4 25. Rxa7 Nxe5 26. Ra8+
Kf7 27. Rc8 Rc2 28. Rc7+ Kf6 29. Ra7 Rxc3 30. Ra2 Rc1+ 31. Kh2 b4 32. Rb2 c5
33. Kg3 Rc4 34. f4 Rc3+ 35. Kh4 Ng6+ 36. Kg4 b3 37. g3 c4 38. h4 Rc2 39. Rb1 b2
40. h5 c3 41. hxg6 Kxg6 42. Kf3 Rc1 43. Rxc1 bxc1=Q 44. g4 Qd1+ 45. Ke4 c2 46.
f5+ exf5+ 47. gxf5+ Kf6 48. Kf4 c1=Q+ 49. Ke4 Qc4+ 50. Ke3 Qdd3+ 51. Kf2 Qcc2+
52. Kg1 Qdd1# 0-1

[Event "4NCL Online Division 5"]
[Site "online"]
[Date "2020.05.19"]
[Round "7.253"]
[White "Bell, Euan"]
[Black "Tathare, Rohan"]
[Result "0-1"]
[WhiteElo "700"]
[BlackElo "1165"]
[PlyCount "88"]
[EventDate "2020.05.19"]
[WhiteTeam "BBC Penguins"]
[BlackTeam "Watford Juniors B"]

1. c4 e5 2. Nc3 Nf6 3. b3 Bb4 4. Bb2 d5 5. a3 Bxc3 6. Bxc3 Nc6 7. Nf3 Bg4 8. g3
Bxf3 9. exf3 O-O 10. Bh3 e4 11. f4 d4 12. Bb2 a6 13. O-O b5 14. cxb5 axb5 15.
b4 e3 16. dxe3 dxe3 17. Qxd8 Raxd8 18. fxe3 Ne4 19. Rfe1 Rd2 20. Bd4 Nxd4 21.
exd4 f5 22. g4 Nf2 23. gxf5 Nxh3+ 24. Kf1 Rxf5 25. Re8+ Kf7 26. Re3 Rxf4+ 27.
Ke1 Rxh2 28. Rc1 Rh1+ 29. Kd2 Rxc1 30. Kxc1 Ng5 31. Rd3 c6 32. Kc2 Ne6 33. Kc3
Nxd4 34. Rxd4 Rxd4 35. Kxd4 Ke7 36. Kc3 Kd6 37. Kb3 g5 38. Kc2 h5 39. Kd2 h4
40. Ke2 Kd5 41. Kf2 Kc4 42. Kg2 Kb3 43. Kh3 Kxa3 44. Kg4 Kxb4 0-1

[Event "4NCL Online Division 5"]
[Site "online"]
[Date "2020.05.19"]
[Round "7.254"]
[White "Demyan, Leo"]
[Black "Florczak, Adam"]
[Result "1-0"]
[WhiteElo "1165"]
[BlackElo "700"]
[PlyCount "59"]
[EventDate "2020.05.19"]
[WhiteTeam "Watford Juniors B"]
[BlackTeam "BBC Penguins"]

1. d4 d5 2. Nc3 Nf6 3. Bf4 Nc6 4. Nb5 Bf5 5. Nxc7+ Kd7 6. Nxa8 Qxa8 7. Nf3 e6
8. Be5 Nxe5 9. Nxe5+ Kd8 10. Nxf7+ Ke8 11. Nxh8 Bb4+ 12. c3 Bd6 13. e3 Kf8 14.
Bd3 Bxd3 15. Qxd3 Kg8 16. O-O Kxh8 17. h3 Qc8 18. Rfc1 Bb8 19. c4 Qc7 20. cxd5
Qh2+ 21. Kf1 Qh1+ 22. Ke2 Qh2 23. Rc8+ Ng8 24. dxe6 g5 25. e7 Qxg2 26. e8=Q Qd5
27. e4 h5 28. exd5 Kg7 29. Qxg8+ Kf6 30. Qf8# 1-0

[Event "4NCL Online Division 5"]
[Site "online"]
[Date "2020.05.19"]
[Round "7.6"]
[White "Tran, Le Gia Khuong"]
[Black "Barry, Brendan"]
[Result "0-1"]
[WhiteElo "700"]
[BlackElo "1315"]
[PlyCount "104"]
[EventDate "2020.05.19"]
[WhiteTeam "BBC Foxes"]
[BlackTeam "Hatch End B"]

1. e4 e5 2. Qh5 Nf6 3. Qxe5+ Be7 4. f3 O-O 5. Qc3 Nc6 6. Qe3 d5 7. e5 d4 8. Qe2
Nd5 9. c4 Nf4 10. Qe4 Nb4 11. a3 Nfd3+ 12. Bxd3 Nxd3+ 13. Qxd3 g6 14. Ne2 Bf5
15. Qxd4 c5 16. Qxd8 Rfxd8 17. O-O Bd3 18. Re1 Bxc4 19. Nbc3 b5 20. Nf4 Rd4 21.
g3 g5 22. Nfe2 Rd3 23. f4 gxf4 24. Nxf4 Rd7 25. e6 fxe6 26. Nxe6 Re8 27. Nxc5
Bxc5+ 28. Re3 Bxe3+ 29. dxe3 a5 30. Ne2 Bxe2 31. Kf2 Bc4 32. b4 a4 33. Bb2 Rd2+
34. Kf3 Rxb2 35. Kf4 Rxh2 36. g4 h5 37. gxh5 Rxh5 38. Rg1+ Kh7 39. Rd1 Rh4+ 40.
Kg5 Rhe4 41. Rd7+ Kh8 42. Kh6 Bg8 43. Rb7 Rxe3 44. Rxb5 Rxa3 45. Ra5 Re6+ 46.
Kg5 Kh7 47. Kf4 Kg6 48. b5 Rf6+ 49. Ke4 Rf5 50. Kd4 Rb3 51. Ra6+ Kg5 52. b6 a3
0-1

[Event "4NCL Online Division 5"]
[Site "online"]
[Date "2020.05.19"]
[Round "7.7"]
[White "Gill, Veer"]
[Black "Panunzio, Jacopo"]
[Result "1-0"]
[WhiteElo "1285"]
[BlackElo "700"]
[PlyCount "69"]
[EventDate "2020.05.19"]
[WhiteTeam "Hatch End B"]
[BlackTeam "BBC Foxes"]

1. e4 e5 2. Nf3 Nc6 3. Bc4 Nf6 4. Ng5 Nxe4 5. Nxe4 Qh4 6. Ng3 Qxc4 7. d3 Qh4 8.
Nf5 Qg5 9. Bxg5 Bb4+ 10. c3 Ba5 11. b4 Bb6 12. Nd2 d6 13. Nxg7+ Kf8 14. Bf6 a6
15. Ne6+ Bxe6 16. Bxh8 Ne7 17. a4 a5 18. Nc4 axb4 19. Nxb6 cxb6 20. cxb4 Ng6
21. Bf6 b5 22. axb5 Rb8 23. O-O Nf4 24. Bg5 Ng6 25. Qf3 f5 26. g4 Bd7 27. gxf5
Ne7 28. Bxe7+ Kxe7 29. f6+ Kf7 30. Qd5+ Be6 31. Qxd6 Rc8 32. Rac1 Rg8+ 33. Kh1
Bd5+ 34. Qxd5+ Kf8 35. Rc8# 1-0

[Event "4NCL Online Division 5"]
[Site "online"]
[Date "2020.05.19"]
[Round "7.8"]
[White "Wang, Mark"]
[Black "Shah, Ashok"]
[Result "0-1"]
[WhiteElo "700"]
[BlackElo "1187"]
[PlyCount "88"]
[EventDate "2020.05.19"]
[WhiteTeam "BBC Foxes"]
[BlackTeam "Hatch End B"]

1. e4 e5 2. Nf3 Nc6 3. Nc3 Nf6 4. Bc4 d6 5. Ng5 d5 6. exd5 Nxd5 7. Bxd5 Qxg5 8.
d4 Bb4 9. Bxg5 Nxd4 10. O-O h5 11. Qe1 f6 12. Bd2 Nxc2 13. Qc1 Nxa1 14. Qxa1
Bf5 15. a3 Bc5 16. Bxb7 Rb8 17. Bc6+ Bd7 18. Bxd7+ Kd8 19. Bh3 Bd4 20. Qe1 Rxb2
21. Qe2 Bxc3 22. Re1 Rxd2 23. Qe3 Bd4 24. Qb3 Rxf2 25. Qb8+ Ke7 26. Qxh8 Re2+
27. Kf1 Rf2+ 28. Kg1 Rf1+ 29. Kxf1 e4 30. Rxe4+ Be5 31. Qxg7+ Kd6 32. Qg6 Kd5
33. Rxe5+ fxe5 34. Qxh5 c5 35. g4 c4 36. g5 c3 37. g6 c2 38. Qh6 e4 39. Bg4 Kd4
40. g7 e3 41. g8=R c1=Q+ 42. Kg2 Qd2+ 43. Kg1 Qf2+ 44. Kh1 Qf1# 0-1